000
00244nam a22000977a 4500
003
SGT
245
_a
international journal of computational intelligence research
260
_b
RIP RESEARCH INDIAN PUBLISHER
_c
2019
300
_a
400
942
_2
ddc
_c
BV
999
_c
29113
_d
29113